[Event "31st open TETEVEN"]
[Site "Teteven"]
[Date "2016.08.20"]
[Round "8.5"]
[White "Galunov, Todor"]
[Black "Arnaudov, Petar"]
[Result "1/2-1/2"]
[WhiteElo "2287"]
[BlackElo "1989"]
[PlyCount "60"]
[EventDate "2016.08.13"]
[EventType "swiss"]
[EventRounds "9"]
[EventCountry "BUL"]

1. c4 e5 2. Nc3 d6 3. Nf3 g6 4. g3 Bg7 5. Bg2 f5 6. d3 Nf6 7. O-O O-O 8. Rb1 f4
$146 ({RR} 8... Re8 9. b4 h6 10. Ne1 Nc6 11. b5 Ne7 12. e3 Kh7 13. Ne2 c6 14.
bxc6 bxc6 15. Bb2 Qc7 16. f4 Rb8 17. Bc3 Rxb1 18. Qxb1 Nd7 19. Nf3 Nc5 20. fxe5
dxe5 21. d4 Ne4 22. Ba1 exd4 23. exd4 {
Shamkovich,L-Aronson,L/Kharkov 1956/EXT 2002/0-1 (39)}) ({RR} 8... Kh8 9. b4 h6
10. c5 Nbd7 11. cxd6 cxd6 12. b5 g5 13. Ba3 Nb6 14. Nd2 Qe7 15. Nc4 Rd8 16. Qd2
Nxc4 17. dxc4 Be6 18. Nd5 Qf7 19. Nxf6 Bxf6 20. Bd5 Rac8 21. Rbc1 Bxd5 22. Qxd5
Qxd5 23. cxd5 {
Adla,D (2469)-Anton Guijarro,D (2609)/Linares 2014/CBM 162 Extra/0-1 (50)}) ({
RR} 8... Qe8 9. Bg5 c6 10. b4 Nh5 11. Bd2 f4 12. b5 h6 13. bxc6 bxc6 14. Ne4
Qe7 15. Bb4 c5 16. Ba3 Bb7 17. Nh4 Na6 18. Nxg6 Qc7 19. Nxf8 Rxf8 20. Rxb7 {
1-0 Lage,P (1798)-Ferreira,J (1900)/Pocos de Caldas 2015/CBM 165 Extra}) ({RR} 
8... a5 9. Bd2 h6 10. Qc2 Nc6 11. a3 Nd4 12. Qd1 Kh7 13. e3 Ne6 14. Qc2 Nh5 15.
Ne2 Bd7 16. Nh4 Bc6 17. Bxc6 bxc6 18. Ng2 Qd7 19. b3 e4 20. f3 exf3 21. Rxf3
Ng5 22. Rff1 Nh3+ 23. Kh1 {Prucha,K-Vyslouzil,A/Trebic 1959/EXT 2008/1-0 (65)})
({RR} 8... Nbd7 9. b4 Re8 10. Qb3 h6 11. Nd2 Kh8 12. a4 Nf8 13. a5 a6 14. Nd5
Ne6 15. e3 Nd7 16. Bb2 Rb8 17. b5 {
1/2 Ost Hansen,J-Borngaesser,R/Groningen 1971/EXT 2001}) 9. b4 Nh5 10. b5 Nd7
11. a4 Nc5 12. Ba3 Ne6 13. Nd5 g5 14. Nd2 g4 15. Ne4 Nf6 16. Ndxf6+ Bxf6 17. c5
d5 18. Nxf6+ Rxf6 19. Bb2 d4 20. Rc1 Ng5 21. Be4 Nxe4 22. dxe4 Be6 23. e3 fxe3
24. fxe3 Rxf1+ 25. Qxf1 Qg5 26. exd4 Rf8 27. Qe1 exd4 28. Bxd4 Rf3 29. Rc3 Rf7
30. Be3 Qe5 1/2-1/2

[Event "31st open TETEVEN"]
[Site "Teteven"]
[Date "2016.08.20"]
[Round "8.6"]
[White "Varbanov, Varban"]
[Black "Yordanov, Lachezar"]
[Result "0-1"]
[WhiteElo "2032"]
[BlackElo "2267"]
[PlyCount "92"]
[EventDate "2016.08.13"]
[EventType "swiss"]
[EventRounds "9"]
[EventCountry "BUL"]

1. d4 d5 2. c4 c6 3. Nc3 Nf6 4. Nf3 dxc4 5. a4 Bf5 6. e3 e6 7. Bxc4 Bb4 8. O-O
O-O 9. h3 h6 10. Qe2 ({RR} 10. Re1 c5 11. Bd2 Nc6 12. dxc5 Bxc5 13. Qe2 Rc8 14.
Rad1 Bc2 15. Rc1 Bh7 16. Red1 Qe7 17. Ba2 e5 18. e4 Nd4 19. Qe1 Nxf3+ 20. gxf3
Nh5 21. Nd5 Qh4 22. Rxc5 Rxc5 23. Bb4 Rxd5 24. Rxd5 Nf4 {
Zoratti,S-Aguero Arce,M (2010)/Santa Rosa 2015/CBM 167 Extra/0-1}) 10... Bh7
11. Rd1 Qc7 $146 ({RR} 11... Nbd7 12. Bd2 ({RR} 12. Bd3 Qe7 13. e4 e5 14. dxe5
Nxe5 15. Nxe5 Qxe5 16. f4 Qa5 17. e5 Bxc3 18. bxc3 Qxc3 19. Ra3 Bxd3 20. Qxd3
Qxd3 21. Raxd3 Nd5 22. f5 Rfe8 23. Rg3 Rxe5 24. Bb2 Rxf5 25. Rxg7+ Kf8 26. Rh7
Ke7 {Grischuk,A (2726)-Motylev,A (2648)/Biel 2007/CBM 120/1/2 (41)}) ({RR} 12.
Ne5 Qa5 13. Nxf7 Kxf7 14. g4 Rae8 15. f4 Qc7 16. Qf2 Kg8 17. Ne2 Kh8 18. Qg2
Be4 19. Qg3 Bd5 20. Bd3 Ne4 21. Qh2 Ndf6 22. Rf1 Nd2 23. Bxd2 Bxd2 24. Qg3 Ne4
25. Qf3 Ng5 26. Qg3 Be4 {
Bellani,A (2116)-Astengo,C (2105)/Bratto 2005/EXT 2007/0-1 (40)}) 12... Re8 ({
RR} 12... Qe7 13. Rac1 Rfd8 14. Nb1 Bd6 15. Ba5 Re8 16. Nbd2 e5 17. dxe5 Nxe5
18. Bc3 Nxc4 19. Nxc4 Bc7 20. a5 Nd5 21. Bd4 Rad8 22. a6 c5 23. Be5 b5 24. Bxc7
Qxc7 25. Na3 b4 26. Nb5 Qb6 27. Qc4 {
Tran,P (2330)-Cech,P (2420)/Germany 2006/EXT 2007/1/2 (48)}) 13. Be1 Qa5 14.
Bb3 e5 15. Qc4 e4 16. Nd2 Bxc3 17. Qxc3 Qg5 18. Nc4 Bf5 19. Kh2 Nd5 20. Qd2 Re6
21. Qe2 Rg6 22. Qf1 N7f6 23. Ne5 Qh5 24. Nxg6 fxg6 25. Rdc1 g5 26. Rc5 {
Darinowijono,H (1903)-Alahakoon,I (2120)/Kuala Lumpur 2014/EXT 2015/0-1 (52)})
12. Bd3 Bxd3 13. Qxd3 Nbd7 14. Bd2 a5 15. Rac1 e5 16. Ne4 Nxe4 17. Qxe4 Bxd2
18. Nxd2 exd4 19. Qxd4 Nb6 20. b3 Rfd8 21. Qe4 Nd5 22. Qc4 Nb6 23. Qe4 Qd6 24.
Qc2 Qb4 25. Nf3 Rac8 26. Rd3 Rd5 27. Rcd1 Rcd8 28. g3 Rxd3 29. Rxd3 Rd5 30.
Rxd5 Nxd5 31. Qf5 g6 32. Qd3 Nf6 33. Nd2 b5 34. axb5 cxb5 35. e4 a4 36. bxa4
bxa4 37. e5 Ne8 38. Nc4 Ng7 39. Qd8+ Kh7 40. Qd3 Ne6 41. h4 h5 42. f4 Ng7 43.
Kh2 Qe1 44. Kg2 Qa1 45. Nd6 Qb2+ 46. Kg1 a3 0-1

[Event "31st open TETEVEN"]
[Site "Teteven"]
[Date "2016.08.20"]
[Round "8.7"]
[White "Janev, Pavel"]
[Black "Mladenov, Emil"]
[Result "0-1"]
[WhiteElo "2254"]
[BlackElo "2012"]
[PlyCount "118"]
[EventDate "2016.08.13"]
[EventType "swiss"]
[EventRounds "9"]
[EventCountry "BUL"]

1. e4 d5 2. exd5 Qxd5 3. Nc3 Qa5 4. Bc4 Nf6 5. Qe2 Bf5 ({RR} 5... Nc6 6. Nf3
Bg4 ({RR} 6... Nb4 7. d3 Bg4 8. O-O c6 9. Bxf7+ Kxf7 10. Ne5+ Kg8 11. Nxg4 Nxg4
12. Qe6# {1-0 Walch,R (1757)-Schmucker,J (1447)/Nuremberg 2015/CBM 166 Extra})
7. Bb5 O-O-O 8. Bxc6 bxc6 9. h3 Bh5 10. d3 e6 11. g4 Bg6 12. Ne5 Qa6 13. h4 Bd6
14. Nxg6 hxg6 15. Bg5 Bb4 16. Kf1 Bxc3 17. bxc3 Qa5 18. c4 Qxg5 19. hxg5 Rxh1+
20. Kg2 {Kuzmin,G (2514)-Kharchenko,B (2370)/Alushta 2005/CBM 107 Extra/1-0})
6. Nf3 $146 ({RR} 6. d3 c6 7. Nf3 ({RR} 7. Bd2 Nbd7 ({RR} 7... e6 8. h3 h5 9.
Nf3 Bb4 10. a3 Be7 11. Nd5 Qd8 12. Nxe7 Qxe7 13. O-O-O Nbd7 14. Ne5 Nxe5 15.
Qxe5 Nd7 16. Qxg7 Qf6 17. Qxf6 Nxf6 18. g4 {
1-0 Beck,F (2095)-Trapp,M (1820)/Willingen 2004/EXT 2005}) 8. Nb5 {
1-0 Weimer,E-Sohraby,A (2131)/Germany 2007/EXT 2009}) 7... Bg4 8. Bxf7+ Kxf7 9.
Ne5+ Ke8 10. Nxg4 Nbd7 11. Nxf6+ gxf6 12. Bd2 Qb6 13. O-O-O a5 14. Be3 Qc7 15.
d4 b5 16. Qh5+ Kd8 17. d5 b4 18. dxc6 Qxc6 19. Qd5 Qxd5 20. Nxd5 Kc8 {
Kireev,A (2139)-Bagiryan,V (1970)/Yuzhny 2011/CBM 144 Extra/1-0 (80)}) 6... c6
7. Ne5 Bg6 8. f4 Nbd7 9. b4 Qc7 10. O-O e6 11. Nxd7 Qxd7 12. f5 Qd4+ 13. Kh1
Bh5 14. Qd3 Qxd3 15. Bxd3 Bxb4 16. Rb1 Bxc3 17. dxc3 O-O-O 18. h3 exf5 19.
Bxf5+ Kb8 20. Bf4+ Ka8 21. Be5 Ne8 22. Rbe1 f6 23. Bg3 Nd6 24. Bxd6 Rxd6 25.
Re7 g6 26. Bd3 f5 27. Rb1 Rb8 28. Rxh7 Re6 29. Rg1 Be2 30. Re1 Bxd3 31. Rxe6
Bc4 32. Rxg6 Bxa2 33. h4 a5 34. Rf6 Bd5 35. Rxf5 b5 36. Rg5 a4 37. Rgg7 Rf8 38.
Ra7+ Kb8 39. Rhb7+ Kc8 40. Rc7+ Kb8 41. Rcb7+ Kc8 42. h5 Rh8 43. Rh7 Rxh7 44.
Rxh7 Be4 45. Re7 Bxc2 46. g4 a3 47. Re1 c5 48. h6 Kd7 49. Kh2 b4 50. cxb4 cxb4
51. Rc1 a2 52. g5 b3 53. Kg3 Bg6 54. Rd1+ Kc7 55. Rc1+ Kb7 56. Rh1 b2 57. h7
Bxh7 58. Rxh7+ Kc6 59. Rh6+ Kc5 0-1

[Event "31st open TETEVEN"]
[Site "Teteven"]
[Date "2016.08.20"]
[Round "8.8"]
[White "Nikolaev, Georgi"]
[Black "Yordanova, Svetla"]
[Result "0-1"]
[WhiteElo "1903"]
[BlackElo "2158"]
[PlyCount "108"]
[EventDate "2016.08.13"]
[EventType "swiss"]
[EventRounds "9"]
[EventCountry "BUL"]

1. e4 d5 2. exd5 Nf6 3. d4 Bg4 4. Nf3 Qxd5 5. Be2 Nc6 6. h3 ({RR} 6. Be3 e5 7.
Nc3 Bb4 8. O-O Bxc3 9. bxc3 e4 10. Nd2 Bxe2 11. Qxe2 O-O 12. Rfb1 a6 13. a4
Rfe8 14. Nb3 b6 15. c4 Qf5 16. a5 bxa5 17. Nc5 Rad8 18. c3 Rd6 19. Rb7 Nh5 20.
Rxc7 Rg6 {Kolev,A (2568)-Damaso,R (2412)/Skopje 2002/CBM 088/1-0 (31)}) 6...
Bf5 ({RR} 6... Qh5 7. O-O O-O-O 8. Be3 e5 9. c3 e4 10. hxg4 Nxg4 11. Nh4 f5 12.
Bxg4 fxg4 13. g3 Ne5 14. dxe5 Rxd1 15. Rxd1 Qxe5 16. Nd2 h5 17. Ng6 Qe6 18.
Nxh8 Be7 19. Bd4 {1-0 Rouzes,S-Ruhlmann,H/Pau 2015/CBM 166 Extra}) 7. c4 Qd6 8.
d5 $146 ({RR} 8. O-O O-O-O ({RR} 8... e6 9. Nc3 O-O-O 10. Be3 Qb4 11. Qc1 h6
12. Nb5 a6 13. a3 Qe7 14. Nc3 g5 15. b4 g4 16. hxg4 Bxg4 17. b5 Nb8 18. Ne5
Bxe2 19. Nxe2 Rg8 20. a4 Ng4 21. Rb1 Qh4 22. Bf4 Nxe5 23. Bxe5 {
Stojic,S (1981)-Dizdarevic,M (2110)/Brisbane 2006/CBM 110 Extra/1-0 (42)}) 9.
Be3 Nb4 10. Na3 a6 11. Ne5 Bg6 12. Qa4 Nc6 13. c5 Qe6 14. Nxc6 Qxc6 15. Qxc6
bxc6 16. Bxa6+ Kd7 17. Nc4 Rb8 18. Ne5+ Ke8 19. b3 Be4 20. Bc4 Bd5 21. Bxd5
cxd5 22. Rfb1 Ne4 {
Khalaji,H (1944)-Khachatourians,T (1698)/Teheran 2014/CBM 163 Extra/1-0 (33)})
8... Ne5 9. Nc3 Nxf3+ 10. Bxf3 e5 11. dxe6 Qxe6+ 12. Qe2 Qxe2+ 13. Kxe2 O-O-O
14. Nd5 c6 15. Nxf6 Bd3+ 16. Ke1 gxf6 17. Be2 Bb4+ 18. Kf1 Bxc4 19. Be3 Bxe2+
20. Kxe2 Rhe8 21. Rhd1 Rxd1 22. Rxd1 Bc5 23. Kf3 Bxe3 24. fxe3 Rd8 25. Rf1 Rd2
26. Kg3 Kd7 27. Rxf6 Ke7 28. Rf2 Rxf2 29. Kxf2 Ke6 30. Ke2 Ke5 31. Kd3 f5 32.
g3 h5 33. b3 Kd5 34. e4+ fxe4+ 35. Ke3 Ke5 36. g4 hxg4 37. hxg4 c5 38. g5 Kf5
39. g6 Kxg6 40. Kxe4 Kf6 41. Kd5 b6 42. Kc6 Ke5 43. Kb7 b5 44. Kxa7 c4 45. bxc4
bxc4 46. a4 c3 47. a5 c2 48. a6 c1=Q 49. Kb7 Qb2+ 50. Ka8 Qg2+ 51. Kb8 Qg8+ 52.
Kb7 Qd5+ 53. Kb8 Qb5+ 54. Ka7 Kd6 0-1

[Event "31st open TETEVEN"]
[Site "Teteven"]
[Date "2016.08.20"]
[Round "8.9"]
[White "Popov, Petar"]
[Black "Bakker, Martijn"]
[Result "0-1"]
[WhiteElo "2128"]
[BlackElo "2099"]
[PlyCount "46"]
[EventDate "2016.08.13"]
[EventType "swiss"]
[EventRounds "9"]
[EventCountry "BUL"]

1. d4 f5 2. g3 Nf6 3. Bg2 e6 4. e3 Be7 5. Ne2 O-O 6. O-O ({RR} 6. c4 d6 7. Nbc3
Nbd7 8. Nf4 {1/2 Coelho,R (1893)-Antunes,B/Petrolina 2012/EXT 2014}) 6... d6 7.
c4 Qe8 $146 ({RR} 7... c6 8. Nbc3 a5 9. e4 fxe4 10. Nxe4 d5 11. Ng5 Ne8 12. h4
Nd6 13. Qc2 g6 14. Nf4 Bxg5 15. hxg5 Nf5 16. Ne2 b5 17. c5 b4 18. Rd1 Re8 19.
Nf4 Ra7 20. Nh3 Rf7 21. Bf4 Nxd4 22. Rxd4 {
Belfiore,D (2210)-Minzer,C (2290)/Buenos Aires 1992/EXT 1998/0-1}) 8. Nbc3 Nc6
9. e4 e5 10. dxe5 dxe5 11. Nd5 fxe4 12. Nec3 Qf7 13. Nxf6+ Bxf6 14. Bxe4 Be6
15. b3 Rad8 16. Qe1 Bh3 17. Bd5 Rxd5 18. cxd5 Nd4 19. Qe4 Qh5 20. f4 Bxf1 21.
Kxf1 exf4 22. Ba3 Re8 23. g4 Qh3+ 0-1

[Event "31st open TETEVEN"]
[Site "Teteven"]
[Date "2016.08.20"]
[Round "8.10"]
[White "Dereshki, Dario"]
[Black "Stojanov, Alexandar"]
[Result "1-0"]
[WhiteElo "2004"]
[BlackElo "2121"]
[PlyCount "75"]
[EventDate "2016.08.13"]
[EventType "swiss"]
[EventRounds "9"]
[EventCountry "BUL"]

1. d4 d6 2. Nf3 g6 3. e4 Bg7 4. Bc4 e6 5. O-O Nd7 6. c3 a6 ({RR} 6... Ne7 7.
Re1 b6 8. Bf4 h6 9. e5 d5 10. Bd3 g5 11. Bc1 c5 12. h4 g4 13. Nh2 h5 14. Bg5
Qc7 15. Na3 a6 16. f4 f6 17. exf6 Nxf6 18. Nf1 cxd4 19. cxd4 O-O 20. Rc1 Qd6
21. Ng3 {Sokolov,I (2696)-Zhang,Z (2598)/Khanty-Mansiysk 2005/CBM 111/1-0 (36)}
) 7. a4 ({RR} 7. Bb3 b6 8. Qe2 h6 9. Re1 Ne7 10. Nbd2 Bb7 11. Nf1 O-O 12. Bf4
Kh7 13. Bg3 Re8 14. Bh4 Qc8 15. Rad1 Ng8 16. Bc2 e5 17. Qd2 Ngf6 18. Ng3 exd4
19. cxd4 c5 20. dxc5 dxc5 21. Bxf6 Nxf6 {
Sterck,A (2030)-Demey,B (1619)/Blankenberge 2015/CBM 166 Extra/1-0 (57)}) 7...
b6 8. Bg5 $146 ({RR} 8. Qe2 Ne7 9. Bf4 h6 10. e5 d5 11. Bd3 c5 12. b4 g5 13.
Bd2 Nf8 14. h4 c4 15. Bc2 g4 16. Ne1 h5 17. Bg5 Bh6 18. Bf6 Rg8 19. f3 Qc7 20.
fxg4 hxg4 21. g3 Nf5 22. Bxf5 exf5 {
Sadzikowski,D (2449)-Sowul,B (2180)/Warsaw 2012/EXT 2014/1-0 (40)}) ({RR} 8.
Bf4 Bb7 9. Re1 Ne7 10. Qd2 h6 11. b4 g5 12. Bg3 Nf6 13. Bd3 Nh5 14. Qe2 Nf4 15.
Bxf4 gxf4 16. Nfd2 Rg8 17. Qf3 Ng6 18. d5 e5 19. Be2 Nh4 20. Qh5 Bf8 21. g3 Rg5
22. Qxh4 Bc8 {Curto,C (1467)-Negro,R (1844)/Casaleone 2009/EXT 2015/0-1 (59)})
8... Ne7 9. Qd2 h6 10. Bh4 Bb7 11. Re1 g5 12. Bg3 Ng6 13. h3 Qe7 14. Na3 Nf6
15. Bd3 Nh5 16. b4 Nhf4 17. Nc4 Rd8 18. Ne3 h5 19. Nf5 exf5 20. exf5 Ne5 21.
Bxf4 gxf4 22. dxe5 dxe5 23. Qe2 Rxd3 24. Qxd3 O-O 25. Qc4 Re8 26. Rad1 e4 27.
Nd4 c5 28. bxc5 bxc5 29. Nf3 Qf6 30. Qxc5 Qxc3 31. Qd6 Qc6 32. Qxf4 exf3 33.
Rxe8+ Qxe8 34. f6 Bf8 35. Qg5+ Kh7 36. Qxh5+ Bh6 37. g4 Qg8 38. Rd7 1-0

[Event "31st open TETEVEN"]
[Site "Teteven"]
[Date "2016.08.20"]
[Round "8.13"]
[White "Todorov, Tsetsko"]
[Black "Cholakov, Nikolay"]
[Result "1/2-1/2"]
[WhiteElo "1949"]
[BlackElo "1778"]
[PlyCount "91"]
[EventDate "2016.08.13"]
[EventType "swiss"]
[EventRounds "9"]
[EventCountry "BUL"]

1. d4 Nf6 2. c4 g6 3. Nc3 d5 4. e3 Bg7 5. Nf3 O-O 6. Be2 c6 7. O-O Be6 8. Ng5 (
{RR} 8. Qb3 Qb6 9. Qxb6 axb6 10. b3 Rc8 11. Bb2 h6 12. Rfc1 Nbd7 {
1/2 Halldorsson,G (2192)-Thorsteinsson,T (2245)/Reykjavik 2014/EXT 2015}) 8...
Bf5 9. Qb3 Qd7 $146 ({RR} 9... b6 10. cxd5 ({RR} 10. Bd2 e6 11. Rfd1 Nbd7 12.
Rac1 h6 13. Nf3 Ne4 14. Be1 Nd6 15. Nd2 g5 16. Qa3 Qb8 17. cxd5 exd5 18. Na4
Nc4 19. Nxc4 dxc4 20. b3 cxb3 21. axb3 Qb7 22. Bf3 Rac8 23. Bb4 g4 24. Be2 Rfe8
{Lerner,K (2520)-Drasko,M (2460)/Polanica Zdroj 1985/MCD/1-0 (41)}) 10... cxd5
11. Bd2 a6 12. Rac1 h6 13. Nf3 Nc6 14. Nxd5 Be6 15. Nxf6+ Bxf6 16. Qd1 Qe8 17.
Bc3 Bxa2 18. Ra1 Bd5 19. Rxa6 Rxa6 20. Bxa6 e6 21. Bd3 Bxf3 22. Qxf3 Bg7 23.
Bb5 Nxd4 24. Bxd4 {Esposito,J (1823)-Rasolo,L/Marseille 2012/EXT 2014/1-0 (37)}
) ({RR} 9... Qb6 10. Bd2 ({RR} 10. Qa3 Re8 11. f4 Nbd7 12. Bd2 e6 13. c5 Qc7
14. h3 h6 15. Nf3 b6 16. b4 a5 17. cxb6 Qxb6 18. bxa5 Rxa5 19. Na4 Raa8 20.
Nxb6 Rxa3 21. Nxd7 Nxd7 22. Bb4 Rxe3 23. Kf2 Re4 24. g4 Bxd4+ {
Alvarez,J (2345)-Borges Mateos,J (2400)/Cuba 1995/CBM 046 Extra/0-1 (57)})
10... h6 11. Nf3 dxc4 12. Qa3 Qc7 13. Bxc4 b5 14. Be2 a5 15. Qb3 a4 16. Qd1
Nbd7 17. Nh4 Be6 18. f4 Qa7 19. Bd3 b4 20. Ne2 Bg4 21. h3 Bxe2 22. Qxe2 {
1/2 Vachier Lagrave,M (2722)-Bu,X (2675)/Khanty-Mansiysk 2011/CBM 145}) 10. Rd1
h6 11. Nf3 Be6 12. Ne5 Qc7 13. cxd5 Nxd5 14. Bc4 Rd8 15. Nf3 Nxc3 16. bxc3 Bxc4
17. Qxc4 Nd7 18. Rb1 Nb6 19. Qb3 c5 20. a4 c4 21. Qc2 Rd5 22. e4 Ra5 23. Rb4
Qc6 24. Be3 Rxa4 25. d5 Qd7 26. Bxb6 axb6 27. Rxb6 Ra2 28. Rb2 R2a3 29. e5 R8a5
30. Rdb1 Qxd5 31. Rxb7 Ra2 (31... Bxe5 $142 32. Rxe7 Rxc3 $19) 32. Qc1 Ra7 33.
Rxa7 Rxa7 34. Qe3 Rd7 35. h4 Qd3 36. Re1 Rd5 37. Qe4 Qxe4 38. Rxe4 f5 39. exf6
Bxf6 40. Rxc4 Rd1+ 41. Kh2 Kf7 42. Rc8 Ke6 43. g4 Rd3 44. Nd4+ Bxd4 45. cxd4
Rxd4 46. Kg3 1/2-1/2

[Event "31st open TETEVEN"]
[Site "Teteven"]
[Date "2016.08.20"]
[Round "8.16"]
[White "Toshkov, Angel"]
[Black "Dimov, Danail"]
[Result "1-0"]
[WhiteElo "1985"]
[BlackElo "1763"]
[PlyCount "99"]
[EventDate "2016.08.13"]
[EventType "swiss"]
[EventRounds "9"]
[EventCountry "BUL"]

1. e4 c5 2. Nf3 a6 3. a4 d6 4. d4 cxd4 5. Nxd4 Nf6 6. Nc3 g6 7. Be2 Bg7 8. O-O
O-O 9. Be3 Nc6 10. Nxc6 bxc6 11. a5 c5 ({RR} 11... Nd7 12. Bd4 Bh6 13. Na4 c5
14. Bc3 Bb7 15. Bd3 Qc7 16. Qe2 Bf4 17. g3 Be5 18. f4 Bxc3 19. Nxc3 e6 20. Bc4
Nf6 21. Rad1 Rfd8 22. f5 exf5 23. exf5 g5 24. Bd5 h6 25. Qf3 Rab8 26. b3 {
Onischuk,V (2594)-Andriasian,Z (2611)/Dubai 2014/CBM 160 Extra/1-0 (66)}) 12.
e5 Ne8 13. exd6 $146 ({RR} 13. Bxc5 Bxe5 14. Bb6 Qd7 15. Na4 d5 16. Bd4 Bc7 17.
Nb6 Bxb6 18. axb6 Nd6 19. b4 Bb7 20. Ra3 f6 21. Bg4 e6 22. Re1 Rae8 23. Rae3
Nf5 24. Bxf5 gxf5 25. f4 Rf7 26. Qe2 Bc8 27. Qh5 Qe7 {
Rudolph,P-Zunker,R (2215)/Hessen 1991/GER/1/2 (65)}) ({RR} 13. f4 Bb7 14. exd6
exd6 15. Qd2 Rc8 16. Na4 Qe7 17. Nb6 Rd8 18. c3 Nc7 19. Bf3 Bxf3 20. Rxf3 Rfe8
21. Qf2 f5 22. Rd1 Qf7 23. Bc1 Qa2 24. Rfd3 Nb5 25. Qf3 Qxa5 26. Qc6 Bd4+ 27.
Kf1 Bg7 {Freiman,M (1873)-Duek,L/Jerusalem 2015/CBM 166/1/2}) 13... exd6 14.
Bxc5 Be6 15. Bb6 Qd7 16. Bf3 Rc8 17. Bd4 Nf6 18. Ne4 Nd5 19. Bxg7 Kxg7 20. Qd4+
f6 21. Ng5 Nc7 22. Bb7 Rb8 23. Bxa6 Nxa6 24. Nxe6+ Qxe6 25. Qa7+ Rf7 26. Qxa6
Rxb2 27. Qd3 Rc7 28. a6 Qe7 29. Qd4 Rb8 30. Rfd1 Rxc2 31. a7 Ra8 32. Qxd6 Qxd6
33. Rxd6 Rc7 34. Rda6 f5 35. g3 Re7 36. Kg2 Kf7 37. h4 Kg7 38. R1a4 Rd7 39. Kf3
Re7 40. Kf4 Kh6 41. R6a5 Kg7 42. h5 Kh6 43. hxg6 hxg6 44. Ra6 Kh5 45. f3 Kh6
46. Ra1 Kg7 47. Kg5 Re3 48. Rxg6+ Kf7 49. Rf6+ Ke7 50. Rxf5 1-0

[Event "31st open TETEVEN"]
[Site "Teteven"]
[Date "2016.08.20"]
[Round "8.20"]
[White "Bozov, Dimitar"]
[Black "Kamenov, Filip"]
[Result "1-0"]
[WhiteElo "1764"]
[BlackElo "1874"]
[PlyCount "61"]
[EventDate "2016.08.13"]
[EventType "swiss"]
[EventRounds "9"]
[EventCountry "BUL"]

1. d4 Nf6 2. c4 c5 3. d5 b5 4. cxb5 a6 5. bxa6 g6 6. Nc3 Bxa6 7. e4 Bxf1 8.
Kxf1 d6 9. Nf3 Bg7 10. g3 Nbd7 11. h3 O-O 12. Kg2 Qa5 13. Qc2 ({RR} 13. Bg5
Rfb8 14. Qc2 Ne8 ({RR} 14... Ra7 15. Rab1 e6 16. Rhd1 exd5 17. exd5 Rab7 18. b3
Ne8 19. Ne4 f5 20. Ned2 Ndf6 21. Nc4 Qc7 22. Bf4 h6 23. Qd3 Ne4 24. Rbc1 g5 25.
Be3 Qf7 26. Nfd2 N8f6 27. f3 Nxg3 28. Nxd6 Qc7 29. Nxb7) 15. Rhc1 h6 16. Bf4
Nc7 17. Nd2 Qa6 18. a4 g5 19. Be3 Ne5 20. Ra3 Rb4 21. Nb5 Nxb5 22. axb5 Qb7 23.
Rxa8+ Qxa8 24. b3 Rxb5 25. f4 Nd7 26. fxg5 hxg5 27. Bxg5 Ra5 {
Markos,J (2546)-Bologan,V (2671)/Aix les Bains 2011/CBM 142 Extra/1/2 (70)}) ({
RR} 13. Bd2 Rfb8 14. Qc2 Ne8 ({RR} 14... Qa6 15. a4 Qc4 16. Ra3 Rb7 17. Re1
Rab8 18. Bc1 Ne8 19. Nd2 Qa6 20. Nb5 Nc7 21. Nxc7 Rxc7 22. Nc4 Ne5 23. Nxe5
Bxe5 24. Qe2 c4 25. Rd1 Rcb7 26. Ra2 Rb3 27. a5 R3b4 28. Rd2 Qb5 29. a6 {
Short,P (2294)-Daly,C (2319)/Dublin 2015/CBM 167 Extra/1/2 (63)}) 15. Rhb1 Rb7
16. a4 Qa6 17. Nd1 Rab8 18. Bc3 Bxc3 19. Nxc3 Rb4 20. b3 Nef6 21. Nd2 e6 22.
dxe6 fxe6 23. Re1 Ne5 24. Nb5 Nfd7 25. Rad1 d5 26. exd5 exd5 27. Rxe5 Nxe5)
13... Rfb8 14. Rb1 Ne8 15. Bg5 $146 ({RR} 15. Bd2 Nc7 16. a3 ({RR} 16. h4 h5
17. b3 Na6 18. Na4 Nb4 19. Qc4 Qa6 20. Qxa6 Rxa6 21. Bxb4 Rxb4 22. Nd2 Rd4 23.
Rhd1 Ne5 24. Nc3 Rd3 25. Rbc1 Ng4 26. Ndb1 Ne5 27. Rxd3 Nxd3 28. Rd1 Nb4 29. a4
Nc2 30. Rd2 Nd4 {Kiraly,I-Szaz,F/Hungary 1996/EXT 2006/0-1 (36)}) ({RR} 16.
Rhe1 Nb5 17. Nxb5 Qxb5 18. b3 Qa6 19. a4 c4 20. Qxc4 Qxc4 21. bxc4 Rxb1 22.
Rxb1 Rxa4 23. Rb7 Nc5 24. Rb8+ Bf8 25. Bh6 Nd7 26. Rc8 f6 27. c5 dxc5 28. e5 {
1-0 Knapp,M (1965)-Tresch,L (1711)/Worms 2013/EXT 2014}) 16... Qb6 17. Rhe1 Qb3
18. Qxb3 Rxb3 19. Rec1 Rab8 20. Nd1 f5 21. exf5 gxf5 22. Ne3 Bxb2 23. Re1 Bf6
24. Rxb3 Rxb3 25. Ba5 Nb6 26. Bxb6 Rxb6 27. Rd1 Rb3 28. Nxf5 Rxa3 29. g4 Kf7 {
Sohal,T-Georgiadis,N (1952)/Vung Tau 2008/EXT 2009/0-1 (57)}) 15... Rb7 16.
Bxe7 f6 17. e5 dxe5 18. Nd2 Nb6 19. Nb3 Qa7 20. Bxc5 Qb8 21. Qd3 Nd7 22. Ba3 f5
23. Rbc1 e4 24. Qd1 Ne5 25. Nc5 Rba7 26. Qb3 Qc8 27. Nb5 Ra5 28. d6+ Kh8 29.
Ne6 Qd7 30. Nec7 Rc8 31. Nxe8 1-0

[Event "31st open TETEVEN"]
[Site "Teteven"]
[Date "2016.08.20"]
[Round "8.23"]
[White "Stamenov, Valeriy"]
[Black "Kosturkov, Krasimir"]
[Result "1-0"]
[WhiteElo "1918"]
[BlackElo "1650"]
[PlyCount "123"]
[EventDate "2016.08.13"]
[EventType "swiss"]
[EventRounds "9"]
[EventCountry "BUL"]

1. e4 c5 2. c3 Nf6 3. e5 Nd5 4. Nf3 Nc6 5. Bc4 Nb6 6. Bb3 c4 7. Bc2 d6 8. exd6
Qxd6 9. O-O g6 10. Qe2 ({RR} 10. d4 cxd3 11. Qxd3 Qxd3 12. Bxd3 Bg7 13. Na3 O-O
14. Nc4 Nxc4 15. Bxc4 Bg4 16. Be3 Na5 17. Be2 e5 18. h3 Be6 19. b3 Rfc8 20.
Rac1 f6 21. Nd2 f5 22. Bg5 e4 23. b4 Nc4 24. Nb3 h6 {
Fiadosenka,R (1993)-Kovalev,V (2539)/Minsk 2015/CBM 167 Extra/0-1 (52)}) 10...
Bg7 11. Na3 Be6 12. d4 cxd3 $146 ({RR} 12... O-O 13. Nd2 Qc7 14. Ne4 Rad8 15.
Be3 Bd5 16. f4 e6 17. Ng5 a6 18. Qg4 Ne7 19. Qh3 h6 20. Nf3 Nf5 21. Ne5 Nxe3
22. Qxe3 Nd7 23. g4 b5 24. Nb1 Bb7 25. Nd2 Rfe8 26. Ne4 Nf6 27. Nc5 {
Zelbel,P (2193)-Holm,S (2262)/Differdange 2007/CBM 119 Extra/1-0 (47)}) 13.
Bxd3 O-O 14. Nb5 Qd7 15. Rd1 a6 16. Na3 Qc7 17. Be3 Na5 18. Bd4 Nbc4 19. Nxc4
Bxc4 20. b3 Bxd3 21. Rxd3 Nc6 22. Bxg7 Kxg7 23. Rad1 Rfd8 24. Qe3 Rxd3 25. Rxd3
Rd8 26. Rxd8 Qxd8 27. Qe2 Qd5 28. Kf1 e5 29. Nd2 Qa5 30. Nb1 f5 31. a4 e4 32.
Qd2 Qd8 33. Ke2 Qxd2+ 34. Nxd2 Ne5 35. b4 b5 36. axb5 axb5 37. Nb3 Nc4 38. Nd4
Nd6 39. Ke3 Kf6 40. Nc6 Ke6 41. Kd4 f4 42. g4 h5 (42... e3 43. fxe3 f3 44. Kd3
f2 45. Ke2 Kd5 46. Nd4 Kc4 47. Kxf2 Ne4+ 48. Kf3 Nxc3 $11) 43. h3 hxg4 44. hxg4
g5 45. Na5 Kd7 46. Nb3 Kc6 47. Nd2 e3 48. fxe3 fxe3 49. Kxe3 Kd5 50. Kd3 Nf7
51. c4+ bxc4+ 52. Nxc4 Nh6 53. Ne3+ Ke5 54. Kc4 Ke4 55. b5 Kxe3 56. b6 Nf7 57.
Kd5 Nd8 58. Ke5 Kd3 59. Kf5 Kd4 60. Kxg5 Kc5 61. Kf6 Kd6 $4 (61... Kxb6 $142
$11) 62. g5 1-0